Víctor Hugo : (Record no. 167412)

MARC details
000 -LEADER
campo de control de longitud fija 00638nam a22001575i 4500
001 - NÚMERO DE CONTROL
campo de control 167412
003 - IDENTIFICADOR DE NÚMERO DE CONTROL
campo de control ES-MaACL
005 - FECHA Y HORA DE LA ÚLTIMA TRANSACCIÓN
campo de control 20250716042946.0
008 - DATOS DE LONGITUD FIJA--INFORMACIÓN GENERAL
campo de control de longitud fija 040729s1885 dr 010 0dspa d
245 00 - MENCIÓN DEL TÍTULO
Título Víctor Hugo :
Resto del título álbum dedicado a su memoria en nombre de la República Dominicana por la prensa asociada de Santo Domingo.
260 ## - PUBLICACIÓN, DISTRIBUCIÓN, ETC.
Lugar de publicación, distribución, etc. Santo Domingo :
Nombre del editor, distribuidor, etc. [s.n.],
Fecha de publicación, distribución, etc. 1885 (
Fabricante Imp. Cuna de América)
300 ## - DESCRIPCIÓN FÍSICA
Extensión 82, II p. ;
Dimensiones 24 cm.
600 14 - PUNTO DE ACCESO ADICIONAL DE MATERIA--NOMBRE DE PERSONA
Nombre de persona Hugo, Victor,
Fechas asociadas al nombre 1802-1885-
Subdivisión de forma Homenajes
9 (RLIN) 174657
852 ## - LOCALIZACIÓN
Ubicación ES-MaACL
Número de control de estantería T-437-F-14
Nota libre -- Enc. hol.
condición física -- Falto de la cub. original
Nota libre -- Enc. en un vol. facticio
Holdings
Estatus retirado Estado de pérdida Estado de daño No para préstamo Colección Biblioteca de origen Biblioteca actual Ubicación en estantería Fecha de adquisición Total de préstamos Signatura topográfica completa Código de barras Visto por última vez Precio de reemplazo Tipo de ítem Koha
        Colección de folletos Biblioteca del Ateneo de Madrid Biblioteca del Ateneo de Madrid Depósito folletos 17/01/2008   T-437-F-14 1175624 23/02/2023 23/02/2023 Folleto